| 000 | 00738nam a2200181 a 4500 | ||
|---|---|---|---|
| 005 | 20140412111319.0 | ||
| 008 | 000823s19uu xx 00 eng d | ||
| 020 | _a0-06-443087-1 | ||
| 050 |
_aER _bCh36 1986 |
||
| 245 |
_aChanticleer and the fox / _cillustrated by Barbara Cooney. |
||
| 260 |
_aNew York : _bHarperCollins Publishers, _c1986. |
||
| 300 | _a1v. (unp.) ; ill. | ||
| 500 | _aAdapted from Geoffrey Chaucer's Canterbury Tales. Winner of the Caldecott Medal. | ||
| 520 | _aA rooster named Chanticleer, his voice was merrier than the merry organ that plays in church, and his crowing from his resting place was more trustworthy than a clock. | ||
| 650 | _aRooster--Fiction | ||
| 650 | _aChildren stories | ||
| 999 |
_c104327 _d104327 |
||